Statistics for All COD Snipers

Click here to take the quiz!

General Stats

  • This quiz has been taken 1,319 times
  • The average score is 9 of 17

Answer Stats

HintAnswer% Correct
mw2Intervention
83%
cod4barrett
69%
mw2Barrett
69%
MW3Barrett
69%
BlopsWA2000
59%
mw2WA2000
59%
MW3MSR
54%
MW3Dragunov
53%
BlopsDragunov
53%
cod4dragunov
53%
cod4m21
50%
BlopsL96A1
40%
cod4m40a3
37%
BlopsPSG
30%
MW3RSASS
28%
MW3AS50
25%
mw2M21 EBR
25%

Score Distribution

Percentile by Number Answered

Percent of People with Each Score

Your Score History

You have not taken this quiz